000 01057nam a22004090a 4500
001 PT49144
003 AR-LpoUNG
005 20210131231239.0
008 191001s1997||||ag |||||||||||||||||spa d
020 _a9879623509
_c$
040 _aAR-LpoUNG
_bspa
_cAR-LpoUNG
_eaacr
041 _aspa
044 _aag
082 0 _a982.063 433otr
100 1 _aPerdia, Roberto Cirilo
245 1 3 _aLa otra historia :
_btestimonio de un jefe montonero
250 _a1ra. ed.
260 _aBuenos Aires :
_bAgora,
_cfebrero 1997.
300 _a431 p. :
_bil., fot.
650 4 _aANALISIS HISTORICO
650 4 _aARGENTINA
650 4 _aDICTADURA
650 4 _aGOBIERNO MILITAR
650 4 _aGOLPES DE ESTADO
650 4 _aGUERRILLEROS
650 4 _aHISTORIA POLITICA
650 4 _aIDEOLOGIAS POLITICAS
650 4 _aIGLESIA CATOLICA
650 4 _aPROBLEMAS SOCIALES
650 4 _aREVOLUCION
651 4 _aArgentina
653 _aMONTONEROS
653 _aPERONISMO
653 _aTERRORISMO DE ESTADO
905 _a49144
942 _cLIB
999 _c8913
_d8913